000 00265nam a22001217a 4500
008 180316b xxu||||| |||| 00| 0 eng d
041 _aeng
080 _23rd
_a51
100 _a37
101 _aMAT
245 _aPrealgebra a worktext
_cWright,D.F
942 _2udc
_cBK
999 _c45241
_d45241